00631nam a2200241 a 4500001001300000003000900013005001700022008004100039020001000080082001300090100001900103245002400122260002800146300000900174500003500183505001000218650001800228700001900246902000800265942000700273952009400280999001500374nice12345678IN_TiNIC20260116012540.0050524s1927 egya grp 000 0 ara  ac10000a244bLIV aLiving Stone,  aMalika Sud Al-Baida aEgyptbNile Pressc1927 a256p aincludes index and biblioraphy2 aIndex aBible Stories1 aLiving Stone,  bRBA cBK 00104070aHMIbHMId2007-07-05g100.00l0o244 LIVp13456r2007-07-05w2026-01-16yARB c7429d7429